| 000 | 00751nam a2200193Ia 4500 | ||
|---|---|---|---|
| 005 | 20260429112335.0 | ||
| 008 | 260429s9999||||xx |||||||||||||| ||und|| | ||
| 020 | _a9788183618670 | ||
| 041 | _aHindi | ||
| 082 |
_a820 _bMIS |
||
| 100 | _aमिश्रा, मीनाक्षी | ||
| 245 | 0 |
_aरुद्र रचनावली : _bशिवप्रसाद मिश्र` रुद्र `काशिकेय की संपूर्ण रचनाएँ / _cमीनाक्षी मिश्रा |
|
| 250 | _a1st ed. | ||
| 260 |
_aप्रयागराज : _bराधाकृष्ण प्रकाशन, _c2018. |
||
| 300 | _a367 p.; Hb | ||
| 440 | _vखंड- 2 | ||
| 650 | _aHindi Literature | ||
| 942 | _cTB | ||
| 999 |
_c53589 _d53589 |
||